Manifiesto del partido comunista. Principios del comunismo /

保存先:
書誌詳細
第一著者: Engels, Federico
その他の著者: Marx, Carl
フォーマット: テキスト
出版事項: Moscú: Progreso
タグ: タグ追加
タグなし, このレコードへの初めてのタグを付けませんか!

MARC

LEADER 00000 a a2200000 04500
001 32759
003
040
090 |a 199800  
100 |a Engels, Federico  
245 |a Manifiesto del partido comunista. Principios del comunismo /  |c Federico Engels 
260 |a Moscú:   |b Progreso  
300 |a 94 p.  
700 |a Marx, Carl  
999 |c 849  |d 849